书目信息 |
| 题名: |
蒙日画法几何学
|
|
| 作者: | 蒙日 著 ;廖先庚 译 | |
| 分册: | ||
| 出版信息: | 长沙 湖南科学技术出版社 1984 |
|
| 页数: | 210页 | |
| 开本: | 21cm | |
| 丛书名: | ||
| 单 册: | ||
| 中图分类: | O185.2 | |
| 科图分类: | ||
| 主题词: | 画法几何 | |
| 电子资源: | ||
| ISBN: | ||
| 000 | 00677nam0 2200241 45 | |
| 001 | 0184002341 | |
| 005 | 20060517170141.62 | |
| 010 | @b精装@dCNY2.30 | |
| 091 | @a13204.96 | |
| 100 | @a19950605d1984 em y0chiy0121 ea | |
| 101 | 1 | @achi@cfre |
| 102 | @aCN@b430000 | |
| 105 | @ay z 000yy | |
| 200 | 10 | @a蒙日画法几何学@Ameng ri hua fa ji he xue@f(法)G·蒙日著@F(fa)G·meng ri zhu@g廖先庚译 |
| 210 | @a长沙@c湖南科学技术出版社@d1984 | |
| 215 | @a210页@d21cm | |
| 606 | @a画法几何 | |
| 690 | @aO185.2@v3 | |
| 701 | 0 | @a蒙日@Ameng ri@4著 |
| 702 | 0 | @a廖先庚@Aliao xian geng@4译 |
| 801 | 0 | @aCN@bTSSF@c20060517 |
| 801 | 2 | @aCN@bNLC@c20051130 |
| 905 | @a10447@dO185.2@e14 | |
| 蒙日画法几何学/(法)G·蒙日著/廖先庚译.-长沙:湖南科学技术出版社,1984 |
| 210页;21cm |
| ISBN (精装):CNY2.30 |
| ● |
| 相关链接 |
|
|
|
|
正题名:蒙日画法几何学
索取号:O185.2/14
 
预约/预借
| 序号 | 登录号 | 条形码 | 馆藏地/架位号 | 状态 | 备注 |
| 1 | 0146536 | 000406732 | 密集书库/ [索取号:O185.2/14] | 在馆 | |
| 2 | 0146537 | 202358554 | 密集书库/ [索取号:O185.2/14] | 在馆 |